[Event "St Petersburg Amir Cup Blitz"]
[Site "St Petersburg"]
[Date "2021.05.23"]
[Round "6"]
[White "Efimov, Ignat"]
[Black "Sek, Konstantin"]
[Result "0-1"]
[WhiteElo "2108"]
[BlackElo "2432"]
[PlyCount "78"]
[EventDate "2021.05.23"]
[EventType "swiss (blitz)"]
[EventRounds "11"]
[EventCountry "RUS"]
[SourceTitle "CBM 202 Extra"]
[Source "ChessBase"]
[SourceDate "2021.07.31"]
[SourceVersion "1"]
[SourceVersionDate "2021.07.31"]
[SourceQuality "1"]

1. Nf3 Nf6 2. c4 c5 3. d4 e6 4. Nc3 cxd4 5. Nxd4 Nc6 6. g3 Qb6 7. Nb3 Ne5 8. e4 Bb4 9. Qe2 d6 10. Bg2 Qa6 11. Nd2 0-0 12. Nb5 Qc6 13. b3 a6 14. Nd4 Qc7 15. Bb2 Qa5 16. N4f3 Nxe4 17. Qxe4 Nxf3+ 18. Bxf3 Bxd2+ 19. Kf1 Bc3 20. Bxc3 Qxc3 21. Kg2 Rb8 22. Rad1 Qa5 23. Qc2 Qc7 24. Rd2 d5 25. cxd5 Qxc2 26. Rxc2 exd5 27. Bxd5 Rd8 28. Bf3 Be6 29. Rhc1 g6 30. h4 Rd7 31. Rc7 Rd2 32. R1c2 Rxc2 33. Rxc2 b6 34. Rc6 a5 35. Be2 Kf8 36. Bc4 Bd7 37. Rc7 Be8 38. a4 Rd8 39. Rb7 Bc6+ 0-1

[Event "St Petersburg Amir Cup Blitz"]
[Site "St Petersburg"]
[Date "2021.05.23"]
[Round "11"]
[White "Efimov, Ignat"]
[Black "Shapiro, Viktor"]
[Result "0-1"]
[WhiteElo "2108"]
[BlackElo "2249"]
[PlyCount "107"]
[EventDate "2021.05.23"]
[EventType "swiss (blitz)"]
[EventRounds "11"]
[EventCountry "RUS"]
[SourceTitle "CBM 202 Extra"]
[Source "ChessBase"]
[SourceDate "2021.07.31"]
[SourceVersion "1"]
[SourceVersionDate "2021.07.31"]
[SourceQuality "1"]

1. Nf3 Nf6 2. d4 c5 3. c3 b6 4. g3 e6 5. Bg2 Bb7 6. 0-0 Be7 7. Bg5 0-0 8. Nbd2 d5 9. Ne5 cxd4 10. cxd4 Nc6 11. Ndf3 Ne4 12. Bxe7 Nxe7 13. Nd2 Nd6 14. Rc1 f6 15. Nd3 Rc8 16. Qa4 Nc6 17. e3 a6 18. Nf4 Qe7 19. Bh3 f5 20. Qb3 b5 21. Qd1 g5 22. Nd3 Rc7 23. Nc5 Bc8 24. f4 Nc4 25. Nxc4 dxc4 26. Qh5 g4 27. Bg2 Rd8 28. Rfd1 Nb4 29. a3 Nd5 30. Bxd5 Rxd5 31. e4 fxe4 32. Qxg4+ Kh8 33. Nxe4 e5 34. Qg5 exd4 35. Qxd5 d3 36. Qe5+ Qxe5 37. fxe5 Re7 38. Nd6 Bg4 39. Rd2 Kg7 40. Kg2 Rxe5 41. h3 Bd7 42. g4 Bc6+ 43. Kf2 h5 44. Nf5+ Kf6 45. b3 hxg4 46. hxg4 Re4 47. Ne3 Rf4+ 48. Kg1 Re4 49. Kf2 Rf4+ 50. Kg1 Re4 51. Kf2 Rf4+ 52. Kg1 Re4 53. Kf2 Rf4+ 54. Kg1 0-1

[Event "Chigorin Memorial 27th"]
[Site "St Petersburg"]
[Date "2019.10.10"]
[Round "6"]
[White "Efimov, Ignat"]
[Black "Shilo, Kirill"]
[Result "1-0"]
[WhiteElo "2138"]
[BlackElo "1824"]
[PlyCount "89"]
[EventDate "2019.10.05"]
[EventType "swiss"]
[EventRounds "9"]
[EventCountry "RUS"]
[SourceTitle "EXT 2020"]
[Source "ChessBase"]
[SourceDate "2019.10.17"]
[SourceVersion "1"]
[SourceVersionDate "2019.10.17"]
[SourceQuality "1"]

1. Nf3 Nf6 2. c4 g6 3. d4 Bg7 4. g3 d5 5. Bg2 0-0 6. 0-0 Nc6 7. cxd5 Nxd5 8. e4 Nb6 9. d5 Na5 10. Nc3 c6 11. Nd4 cxd5 12. exd5 Nac4 13. b3 Nd6 14. Re1 Nf5 15. Nde2 a5 16. a4 e6 17. Ba3 Re8 18. d6 Be5 19. Ra2 Rb8 20. Nb5 Bd7 21. Nec3 Bg7 22. Rd2 e5 23. Nc7 Rf8 24. N3b5 Bxb5 25. Nxb5 Qd7 26. Bb2 f6 27. Bc3 Ra8 28. Qf3 Rfb8 29. h4 Qf7 30. Bh3 Qxb3 31. Bxf5 gxf5 32. Qxf5 Nxa4 33. Rb1 Qc4 34. Ba1 Qf7 35. Rc1 Qg6 36. Qe6+ Qf7 37. Qg4 Nb6 38. h5 Qd7 39. Qe2 Rc8 40. Rc7 Rxc7 41. dxc7 Qe7 42. Qe3 Nc8 43. Rd8+ Bf8 44. Bb2 Qc5 45. Qxc5 1-0

[Event "St Petersburg Korchnoi Memorial op"]
[Site "St Petersburg"]
[Date "2018.08.16"]
[Round "2"]
[White "Efimov, Ignat"]
[Black "Alieva, Alexandra"]
[Result "1-0"]
[WhiteElo "1000"]
[BlackElo "2117"]
[PlyCount "63"]
[EventDate "2018.08.15"]
[EventType "swiss"]
[EventRounds "9"]
[EventCountry "RUS"]
[SourceTitle "CBM 186 Extra"]
[Source "ChessBase"]
[SourceDate "2018.08.24"]
[SourceVersion "1"]
[SourceVersionDate "2018.08.24"]
[SourceQuality "1"]

1. Nf3 Nf6 2. c4 c5 3. g3 Nc6 4. Bg2 g6 5. 0-0 Bg7 6. d4 cxd4 7. Nxd4 0-0 8. Nc3 Qa5 9. e3 Ne5 10. Nb3 Qc7 11. c5 a6 12. Qe2 d6 13. cxd6 Qxd6 14. e4 Qd3 15. f4 Qxe2 16. Nxe2 Nd3 17. e5 Ng4 18. Be4 Nxc1 19. Raxc1 f6 20. Rc7 fxe5 21. Rxe7 exf4 22. Rxf4 Rd8 23. Bd5+ Kh8 24. Rff7 Nf6 25. Rxg7 Rxd5 26. Rgf7 Bh3 27. Nf4 Rd1+ 28. Kf2 Rc8 29. Rxf6 Rf1+ 30. Ke2 g5 31. Nd5 Rc2+ 32. Nd2 1-0